00417nam a2200145Ia 4500008004100000020001500041041001200056082001600068100001800084245009600102260003300198300000900231650001200240700001900252221030s9999 xx 000 0 und d a8185015848 aEnglish a105.23bFay aR. P. Feynman 4aThe Feynman Lectures on Physics Quantum Mechanics Vol IIIcby R. P. Feynman, R. B. Leighton bNarosa Pub.aNew Delhic1998 a1397 aPhysics aR. B. Leighton